| 000 | 00482nam a2200169Ia 4500 | ||
|---|---|---|---|
| 003 | GCL | ||
| 008 | 140319s9999 xx 000 0 eng d | ||
| 040 |
_aGCL / _cGCL |
||
| 082 | 0 | 4 |
_a575.092 _bB C |
| 100 | 1 | _aBOWLER, PETER | |
| 245 | 1 | 0 |
_aCHARLES DARWIN: THE MAN AND HIS INFLUENCE / _cBOWLER, PETER |
| 260 |
_a[S.N] : _bCAMBRIDGE UNIVERSTY ، _c1990 |
||
| 300 | _a250 P | ||
| 650 | 0 | 4 | _aDARWIN, CHARLES 1809 - 1882 |
| 650 | 0 | 4 | _aNATURALIST - ENGLAND - BIOGRAPHY |
| 942 |
_2ddc _cBK |
||
| 999 |
_c13543 _d13543 |
||